| 000 | 004230000a22001810004500 | ||
|---|---|---|---|
| 003 | MACL | ||
| 005 | 20160130132644.0 | ||
| 008 | 160130b xxu||||| |||| 00| 0 eng d | ||
| 040 |
_aMACL _cMACL |
||
| 041 | _aEnglish | ||
| 082 | _a823/NAR | ||
| 100 |
_aNarayan _935998 |
||
| 245 | _aSaptarshi | ||
| 260 |
_bAtlantic Publishers _c2002 _aNew Delhi |
||
| 350 | _a375 | ||
| 650 |
_aFiction _935999 |
||
| 942 |
_cBK _k823/Nar _2ddc |
||
| 999 |
_c31489 _d31489 |
||